000 00764nam a2200289Ia 4500
003 OSt
005 20220912150238.0
006 a|||||r|||| 00| 0
007 ta
008 220909b |||||||| |||| 00| 0 eng d
024 _a55484
037 _cTextual
040 _aCSL
_beng
_cCSL
041 _aeng
082 _aL:558, L3;M4
100 _aStern Arthur C
245 0 _aFundamentals of air pollutions
250 _a2
260 _aOrlando
_bAcademic Press
_c1984
300 _axviii,530p.
_ccm.
650 _a Air pollution
650 _aMedicine
700 _a Boubel Richard W
700 _a Turner D Bruce
942 _hL:558, L3;M4
_cTEXL
_2CC
999 _c42850
_d42850